Estudio de una población del murciélago Natalus tumidirostris en la cueva de Macaregua, San Gil (Registro nro. 10453)

Detalles MARC
000 -CABECERA
Campo de control 005520000a22001690004500
090 ## - CLASIFICACIÓN LOCAL
Colección AR
Consecutivo 01368
041 0# - IDIOMA
Código de idioma para texto/pista de sonido o título separado
100 1# - ASIENTO PRINCIPAL--NOMBRE PERSONAL
Nombre personal Cadena G., Alberto
245 10 - MENCION DE TITULO
Título Estudio de una población del murciélago Natalus tumidirostris en la cueva de Macaregua, San Gil
650 14 - ASIENTO SECUNDARIO DE MATERIA - TERMINO TEMATICO
Término temático o nombre geográfico como elemento de entrada Cavernas
650 14 - ASIENTO SECUNDARIO DE MATERIA - TERMINO TEMATICO
Término temático o nombre geográfico como elemento de entrada Murciélagos
650 14 - ASIENTO SECUNDARIO DE MATERIA - TERMINO TEMATICO
Término temático o nombre geográfico como elemento de entrada Bioespeleología
651 #4 - ASIENTO SECUNDARIO DE MATERIA - NOMBRE GEOGRAFICO
-- Cueva de Macaregua
-- San Gil
-- Santander
-- Colombia
653 ## - TERMINO DE INDIZACION - NO CONTROLADO
-- Natalus
-- Natalus tumidirostris
773 1# - Item fuente:
Título Preprint
Especificación de materiales 3
Paginas del Articulo 1-16
Lugar, editorial y fecha de publicación 1974?
942 ## - ELEMENTOS ADICIONALES (KOHA)
Tipo de ítem Artículo
Existencias
Withdrawn status Lost status Damaged status No para préstamo Colección Ubicación Permanente Ubicación actual Fecha de adquisición Fuente de Valor Datos de publicación Seriada Total Checkouts Número topográfico Inventario / Código de Barras Date last seen Ejemplar Price effective from Forma de adquisición Tipo de material
      No para Préstamo Hemeroteca Bogotá Bogotá 27/02/2015 Muñoz Saba, Yaneth Fuera de circulación   AR 01368 011718 25/03/2015 1 25/03/2015   Artículo